Biggest U.S. Cities on the Atlantic Coast on a Map - Statistics

General Stats
  • This quiz has been taken 154 times
  • The average score is 14 of 20
Answers on the Map
Answers color-coded by a green-red scale on the quiz's map according to % correct below.
 
Answer Stats
Population City % Correct
8,336,817 New York City
99%
692,600 Boston
94%
467,963 Miami
93%
390,144 New Orleans
92%
399,700 Tampa
90%
911,507 Jacksonville
86%
593,490 Baltimore
85%
449,974 Virginia Beach
78%
282,011 Newark
72%
188,720 Mobile
71%
326,586 Corpus Christi
68%
265,351 St. Petersburg
67%
262,075 Jersey City
63%
242,742 Norfolk
61%
182,781 Brownsville
51%
200,370 Yonkers
50%
244,835 Chesapeake
43%
194,495 Cape Coral
41%
233,339 Hialeah
37%
201,846 Port St. Lucie
32%
No matching quizzes found
Score Distribution
Percent of People with Each Score
Percentile by Number Answered
Your Score History
You have not taken this quiz